000 00543nam a2200193Ia 4500
005 20250923144321.0
008 008 250917s9999 xx 000 0 eng d
037 _aTextual
040 _aDSWL
_beng
_cDSWL
041 _aeng
_2eng
084 _aYX,zc;6-c16, N45
_qDSWL
245 4 _aThe training and emplayment of disabled person
_cby International Labour Office.
260 _aMontreal
_c1945
300 _a302 p.
365 _aINR
_b6
925 _g6
942 _cTEXL
_hYX,zc;6-c16, N45
999 _c1437372
_d1437372